01065nam a22002051 4500003000800000005001700008008004100025035001400066040002100080041000800101082001900109100004400128245006900172260004000241300003700281505039400318942001200712999001700724952011800741BD-RjUL20240118105759.0780509s1911 nyuf 001 1 engs  a(BD-RjUL) cBD-RjULdBD-RjUL aeng a823 bDOL 19111 aDoyle, Arthur Conan,d1859-1930.91092614aThe last galley;bimpressions and tales,cby Arthur Conan Doyle. aLondon:bG. Bell & Sons Ltd,c1911. a298 p.bcol. front., pl.c20 cm.0 aThe last galley.--The contest.--Through the veil.--An iconoclast.--Giant Maximin.--The coming of the Huns.--The last of the legions.--The first cargo--The home-coming.--The red star.--The silver mirror.--The blighting of Sharkey.--The marriage of the brigadier.--The lord of Falconbridge.--Out of the running.--"De profundis".--The great Brown-Pericord motor.--The terror of Blue John Gap. 2ddccBK c82671d82671 00102ddc40718FICaRUCLbRUCLcReadingd2024-01-18l0o823 DOL 1911r2024-01-18 00:00:00tC-1w2024-01-18yBK